H. M. Stanley : (Record no. 12323)
[ view plain ]
| 000 -LEADER | |
|---|---|
| fixed length control field | 00605cam a22002052 4500 |
| 001 - CONTROL NUMBER | |
| control field | 0000000454 |
| 005 - DATE AND TIME OF LATEST TRANSACTION | |
| control field | 20151217155801.0 |
| 008 - FIXED-LENGTH DATA ELEMENTS--GENERAL INFORMATION | |
| fixed length control field | 070202s xx 000 0 eng d |
| 040 ## - CATALOGING SOURCE | |
| Original cataloging agency | KABU |
| Transcribing agency | KABU |
| 050 #0 - LIBRARY OF CONGRESS CALL NUMBER | |
| Classification number | DT351 |
| Item number | .S7M38 |
| 100 1# - MAIN ENTRY--PERSONAL NAME | |
| Personal name | Stanley, H. M. |
| -- | 0000148652 |
| 245 10 - TITLE STATEMENT | |
| Title | H. M. Stanley : |
| Remainder of title | Unpublished letters / |
| Statement of responsibility, etc. | by Albert Maurice. |
| 260 ## - PUBLICATION, DISTRIBUTION, ETC. (IMPRINT) | |
| Place of publication, distribution, etc. | London : |
| Name of publisher, distributor, etc. | W & R Chambers, |
| Date of publication, distribution, etc. | 1955. |
| 300 ## - PHYSICAL DESCRIPTION | |
| Extent | xvi, 183 p. |
| 600 10 - SUBJECT ADDED ENTRY--PERSONAL NAME | |
| Personal name | Stanley, H. M. |
| -- | 0000148652 |
| 700 1# - ADDED ENTRY--PERSONAL NAME | |
| Personal name | Maurice, Albert. |
| -- | 0000148653 |
| 908 ## - PUT COMMAND PARAMETER (RLIN) | |
| Put command parameter | 070202 |
| 950 ## - LOCAL HOLDINGS (RLIN) | |
| -- | 1 |
| Withdrawn status | Lost status | Source of classification or shelving scheme | Not for loan | Home library | Current library | Date acquired | Total Checkouts | Full call number | Barcode | Date last seen | Price effective from | Koha item type |
|---|---|---|---|---|---|---|---|---|---|---|---|---|
| Library of Congress Classification | Kabarak, Main Campus | Kabarak, Main Campus | 17/12/2015 | DT351 .S7M38 | 006471 | 17/12/2015 | 17/12/2015 | Africana Collection |